LEADER 04062nam 22006495 450 001 9910482992203321 005 20200713182403.0 010 $a3-658-10104-0 024 7 $a10.1007/978-3-658-10104-6 035 $a(CKB)3710000000521459 035 $a(EBL)4068655 035 $a(SSID)ssj0001584028 035 $a(PQKBManifestationID)16264124 035 $a(PQKBTitleCode)TC0001584028 035 $a(PQKBWorkID)14865422 035 $a(PQKB)10378795 035 $a(DE-He213)978-3-658-10104-6 035 $a(MiAaPQ)EBC4068655 035 $a(PPN)190524103 035 $a(EXLCZ)993710000000521459 100 $a20151019d2016 u| 0 101 0 $ager 135 $aur|n|---||||| 181 $ctxt 182 $cc 183 $acr 200 10$aIdentitätsbasierter Markenschutz $eKonzeptualisierung im Kontext der internationalen Marken- und Produktpiraterie /$fvon Carsten Keller 205 $a1st ed. 2016. 210 1$aWiesbaden :$cSpringer Fachmedien Wiesbaden :$cImprint: Springer Gabler,$d2016. 215 $a1 online resource (474 p.) 225 1 $aInnovatives Markenmanagement,$x2627-1109 ;$v52 300 $aDescription based upon print version of record. 311 $a3-658-10103-2 320 $aIncludes bibliographical references. 327 $aMarkenschutz heute in Theorie & Praxis -- Marken- und Produktpiraterie - Herausforderungen an den rechtlichen Markenschutz -- Konzeptualisierung eines holistischen, praxisorientierten Ansatzes zum Markenschutz entlang der Wertschöpfungskette markenführender Organisationen. 330 $aCarsten Keller entwickelt auf Basis einer umfassenden Analyse des Schrifttums sowie einer Vielzahl branchenübergreifender Fallstudien die Grundlagen einer neuen Markenschutztheorie. So entsteht erstmalig ein holistisches Modell zum identitätsbasierten Markenschutz mit konkretem Anwendungsbezug. Der Schutz der Marke vor dem Zugriff unberechtigter Dritter stellt eine zentrale Aufgabe markenführender Organisationen dar. Nur durch eine hinreichende Absicherung der Marke können die geschaffenen ökonomischen Werte vom Markeninhaber auch vereinnahmt werden. Im Rahmen der Globalisierung ist indes die Marken- und Produktpiraterie zu einer ernstzunehmenden Bedrohung erwachsen. Angesichts signifikanter Defizite in der Durchsetzung von Markenrechten (u.a. VR China) erscheint die Dominanz einer juristischen Auslegung des Markenschutzes in Theorie und Praxis nicht weiter hinreichend. Der Inhalt · Markenschutz heute in Theorie & Praxis · Marken- und Produktpiraterie ? Herausforderung an den rechtlichen Markenschutz · Konzeptualisierung eines holistischen, praxisorientierten Ansatzes zum Markenschutz entlang der Wertschöpfungskette markenführender Organisationen Die Zielgruppen Dozenten und Studenten der Betriebswirtschaftslehre mit den Schwerpunkten Marketing, Management und Recht · Fach- und Führungskräfte, die in diesen Bereichen tätig sind Der Autor Dr. Carsten Keller promovierte bei Prof. Dr. Jörg Freiling am Lehrstuhl für Mittelstand, Existenzgründung und Entrepreneurship (LEMEX) der Universität Bremen. . 410 0$aInnovatives Markenmanagement,$x2627-1109 ;$v52 606 $aMarketing 606 $aGlobalization 606 $aMarkets 606 $aManagement 606 $aMarketing$3https://scigraph.springernature.com/ontologies/product-market-codes/513000 606 $aEmerging Markets/Globalization$3https://scigraph.springernature.com/ontologies/product-market-codes/525010 606 $aManagement$3https://scigraph.springernature.com/ontologies/product-market-codes/515000 615 0$aMarketing. 615 0$aGlobalization. 615 0$aMarkets. 615 0$aManagement. 615 14$aMarketing. 615 24$aEmerging Markets/Globalization. 615 24$aManagement. 676 $a650 700 $aKeller$b Carsten$4aut$4http://id.loc.gov/vocabulary/relators/aut$01229673 906 $aBOOK 912 $a9910482992203321 996 $aIdentitätsbasierter Markenschutz$92854379 997 $aUNINA LEADER 02767nam 22006854a 450 001 9910971314803321 005 20250311135206.0 010 $a9786610265190 010 $a9781280265198 010 $a1280265191 010 $a9780471687436 010 $a047168743X 010 $a9780471687443 010 $a0471687448 035 $a(CKB)1000000000019145 035 $a(EBL)221255 035 $a(OCoLC)191952758 035 $a(SSID)ssj0000124990 035 $a(PQKBManifestationID)11132728 035 $a(PQKBTitleCode)TC0000124990 035 $a(PQKBWorkID)10026189 035 $a(PQKB)11124736 035 $a(MiAaPQ)EBC3056643 035 $a(MiAaPQ)EBC221255 035 $a(Au-PeEL)EBL3056643 035 $a(CaPaEBR)ebr10113924 035 $a(CaONFJC)MIL26519 035 $a(OCoLC)824538078 035 $a(Au-PeEL)EBL221255 035 $a(PPN)170219739 035 $a(EXLCZ)991000000000019145 100 $a20040312d2005 uy 0 101 0 $aeng 135 $aur|n|---||||| 181 $ctxt$2rdacontent 182 $cc$2rdamedia 183 $acr$2rdacarrier 200 10$aColor $ean introduction to practice and principles /$fRolf G. Kuehni 205 $a2nd ed. 210 $aHoboken $cJ. Wiley & Sons$d2005 215 $a1 online resource (x, 199 pages, 10 unnumbered pages of plates) $cillustrations (some color) 300 $a"Wiley-Interscience." 311 0 $a9780471660064 311 0 $a047166006X 320 $aIncludes bibliographical references and index. 327 $aSources of color -- What is color and how did we come to experience it? -- From light to color -- Color perception phenomena -- Orderly arrangements of color -- Defining the color stimulus -- Calculating color -- Colorants and their mixture -- Color reproduction -- The web of color -- Color (theory) in art -- Harmony of colors. 330 $aProvides a solid foundation to the fundamentals of color science, this new edition contains thorough explanations of key technical concepts concerning light, human vision, and color perception phenomena, provides broad coverage of color order systems, examines color reproduction technologies and techniques, and offers a historical review of the development of color theory and art.* Provides a concise, non-mathematical introduction to color science and technology, in an easy-to-read, conversational style* Thoroughly revised from the first edition* 606 $aColor 606 $aColor in art 615 0$aColor. 615 0$aColor in art. 676 $a535.6 700 $aKuehni$b Rolf G$0843560 801 0$bMiAaPQ 801 1$bMiAaPQ 801 2$bMiAaPQ 906 $aBOOK 912 $a9910971314803321 996 $aColor$92041559 997 $aUNINA LEADER 03070nam0 2200637 i 450 001 VAN00126673 005 20240806100822.121 017 70$2N$a9783030157159 100 $a20200213d2019 |0itac50 ba 101 $aeng 102 $aCH 105 $a|||| ||||| 200 1 $aAdvanced Mathematical Methods in Biosciences and Applications$fFaina Berezovskaya, Bourama Toni editors 210 $aCham$cSpringer$d2019 215 $axii, 264 p.$cill.$d24 cm 410 1$1001VAN00123837$12001 $aSTEAM-H: Science, Technology, Engineering, Agriculture, Mathematics & Health$1210 $aCham [etc.]$cSpringer$d2017- 500 1$3VAN00236626$aAdvanced Mathematical Methods in Biosciences and Applications$91668112 606 $a34C60$xQualitative investigation and simulation of ordinary differential equation models [MSC 2020]$3VANC022667$2MF 606 $a35B34$xResonances in context of PDEs [MSC 2020]$3VANC035614$2MF 606 $a37B20$xNotions of recurrence and recurrent behavior in dynamical systems [MSC 2020]$3VANC035613$2MF 606 $a37N25$xDynamical systems in biology [MSC 2020]$3VANC020364$2MF 606 $a65P30$xNumerical bifurcation problems [MSC 2020]$3VANC033733$2MF 606 $a70Kxx$xNonlinear dynamics in mechanics [MSC 2020]$3VANC020691$2MF 606 $a92B05$xGeneral biology and biomathematics [MSC 2020]$3VANC019880$2MF 606 $a92C80$xPlant biology [MSC 2020]$3VANC033924$2MF 606 $a92Dxx$xGenetics and population dynamics [MSC 2020]$3VANC025533$2MF 610 $aApplied Mathematics$9KW:K 610 $aBio-inspired models in engineering$9KW:K 610 $aDynamical diseases$9KW:K 610 $aDynamical systems$9KW:K 610 $aEvolutionary Game Theory$9KW:K 610 $aGlobal demography models$9KW:K 610 $aMathematical bio-physics$9KW:K 610 $aMathematical biology$9KW:K 610 $aMathematical modeling in medicine$9KW:K 610 $aMedical Imaging$9KW:K 610 $aPopulation genetics$9KW:K 610 $aPopulation models$9KW:K 610 $aPower asymptotes$9KW:K 610 $aPredator-prey dynamics$9KW:K 610 $aReplicator equations$9KW:K 610 $aSelection systems$9KW:K 610 $aTraveling waves solutions$9KW:K 610 $aTumor-immune interactions$9KW:K 620 $aCH$dCham$3VANL001889 702 1$aBerezovskaya$bFaina$3VANV098051 702 1$aToni$bBourama$3VANV080933 712 $aSpringer $3VANV108073$4650 801 $aIT$bSOL$c20250620$gRICA 856 4 $uhttp://doi.org/10.1007/978-3-030-15715-9$zE-book ? Accesso al full-text attraverso riconoscimento IP di Ateneo, proxy e/o Shibboleth 899 $aBIBLIOTECA DEL DIPARTIMENTO DI MATEMATICA E FISICA$1IT-CE0120$2VAN08 912 $fN 912 $aVAN00126673 950 $aBIBLIOTECA DEL DIPARTIMENTO DI MATEMATICA E FISICA$d08DLOAD e-book 1480 $e08eMF1480 20200213 996 $aAdvanced Mathematical Methods in Biosciences and Applications$91668112 997 $aUNICAMPANIA